<?xml version="1.0" encoding="UTF-8"?>
<record
    xmlns:xsi="http://www.w3.org/2001/XMLSchema-instance"
    xsi:schemaLocation="http://www.loc.gov/MARC21/slim http://www.loc.gov/standards/marcxml/schema/MARC21slim.xsd"
    xmlns="http://www.loc.gov/MARC21/slim">

  <leader>01887nam a22003497a 4500</leader>
  <controlfield tag="003">CHAP</controlfield>
  <controlfield tag="005">20240520184918.0</controlfield>
  <controlfield tag="007">ta</controlfield>
  <controlfield tag="008">221109s2021    mx aodbfs|||| 001 0 spa d</controlfield>
  <datafield tag="040" ind1=" " ind2=" ">
    <subfield code="a">mxchpua</subfield>
  </datafield>
  <datafield tag="090" ind1=" " ind2=" ">
    <subfield code="a">T.C.863</subfield>
    <subfield code="b">E86 SAI</subfield>
    <subfield code="c">2021</subfield>
  </datafield>
  <datafield tag="245" ind1="1" ind2="0">
    <subfield code="a">An&#xE1;lisis del sistema agroindustrial caf&#xE9; estado de Veracruz /  </subfield>
    <subfield code="c">coordinador  Anastacio Espejel Garc&#xED;a ; colaboradores Adela Casiano Ram&#xED;rez...[y otros] </subfield>
  </datafield>
  <datafield tag="260" ind1=" " ind2=" ">
    <subfield code="a">M&#xE9;xico, Chapingo : </subfield>
    <subfield code="b">El autor,</subfield>
    <subfield code="c">2021</subfield>
  </datafield>
  <datafield tag="300" ind1=" " ind2=" ">
    <subfield code="a">1 recurso en l&#xED;nea (134 p&#xE1;ginas) : </subfield>
    <subfield code="b">ilustraciones, mapas, gr&#xE1;ficas, diagramas, tablas, fotos</subfield>
  </datafield>
  <datafield tag="336" ind1=" " ind2=" ">
    <subfield code="2">rdacontent</subfield>
    <subfield code="a">texto</subfield>
    <subfield code="b">txt</subfield>
  </datafield>
  <datafield tag="337" ind1=" " ind2=" ">
    <subfield code="2">rdamedia</subfield>
    <subfield code="a">computadora</subfield>
    <subfield code="b">c</subfield>
  </datafield>
  <datafield tag="338" ind1=" " ind2=" ">
    <subfield code="2">rdacarrier</subfield>
    <subfield code="a">recurso en l&#xED;nea</subfield>
    <subfield code="b">cr</subfield>
  </datafield>
  <datafield tag="500" ind1=" " ind2=" ">
    <subfield code="a">Grado: 6&#xB0; Grupo: 4</subfield>
  </datafield>
  <datafield tag="502" ind1=" " ind2=" ">
    <subfield code="a">Viaje de Estudios </subfield>
    <subfield code="b">(SAI) --</subfield>
    <subfield code="c">UACh. Departamento de Ingenier&#xED;a Agroindustrial, </subfield>
    <subfield code="d">2021</subfield>
  </datafield>
  <datafield tag="504" ind1=" " ind2=" ">
    <subfield code="a">Bibliograf&#xED;a : p&#xE1;g. 101-103</subfield>
  </datafield>
  <datafield tag="505" ind1="0" ind2="0">
    <subfield code="a">Visitas : --</subfield>
    <subfield code="t">1. Cafe Mi Tlali --
2. Icsamex agroexportadora --
3. Cafe Serrano --
4. D&#xE0;vila Kafe Coffe Company --
5. Ing. Magaly Ubaldo Herrera --
6. M.C Carolina Illescas Mar&#xED;n --
7. Caf&#xE9; Bautista --
8. Ing. Rub&#xE9;n Z&#xFA;&#xF1;iga Peralta --
9. Comite Estatal Sistema Producto Caf&#xE9; de Veracruz --
10. Consejo Regional del Caf&#xE9; de Coatepec, A.C --
11. Caf&#xE9; Zacua --
12 Caf&#xE9; Huitzi</subfield>
  </datafield>
  <datafield tag="650" ind1="1" ind2="3">
    <subfield code="9">16918</subfield>
    <subfield code="a">Cacao</subfield>
    <subfield code="z">M&#xE9;xico</subfield>
    <subfield code="z">Veracruz</subfield>
  </datafield>
  <datafield tag="650" ind1="1" ind2="3">
    <subfield code="9">150301</subfield>
    <subfield code="a">Productos derivados del cacao  </subfield>
  </datafield>
  <datafield tag="650" ind1="1" ind2="3">
    <subfield code="9">17085</subfield>
    <subfield code="a">Caf&#xE9;</subfield>
    <subfield code="z">M&#xE9;xico</subfield>
    <subfield code="z">Veracruz</subfield>
  </datafield>
  <datafield tag="650" ind1="1" ind2="3">
    <subfield code="9">185308</subfield>
    <subfield code="a"> Industria del cacao</subfield>
    <subfield code="z">M&#xE9;xico</subfield>
    <subfield code="z">Veracruz</subfield>
  </datafield>
  <datafield tag="650" ind1="1" ind2="3">
    <subfield code="9">150295</subfield>
    <subfield code="a">Cocoa products</subfield>
  </datafield>
  <datafield tag="650" ind1="1" ind2="3">
    <subfield code="9">147895</subfield>
    <subfield code="a">Coffee  </subfield>
    <subfield code="z">Mexico</subfield>
    <subfield code="z">Veracruz </subfield>
  </datafield>
  <datafield tag="650" ind1="1" ind2="3">
    <subfield code="9">150788</subfield>
    <subfield code="a">Cocoa industry</subfield>
    <subfield code="z">Mexico</subfield>
    <subfield code="z">Veracruz </subfield>
  </datafield>
  <datafield tag="700" ind1="1" ind2=" ">
    <subfield code="9">147446</subfield>
    <subfield code="a">Espejel Garc&#xED;a, Anastacio</subfield>
    <subfield code="e">coordinador </subfield>
  </datafield>
  <datafield tag="700" ind1="1" ind2=" ">
    <subfield code="9">185633</subfield>
    <subfield code="a">Casiano Ram&#xED;rez, Adela</subfield>
    <subfield code="e">colaboradora</subfield>
  </datafield>
  <datafield tag="856" ind1="4" ind2="0">
    <subfield code="u">http://10.13.5.2/ve/T_C_863_SAI/T_C_863_SAI_2021-REPORTE_pdf</subfield>
    <subfield code="y">DESCARGAR REPORTE</subfield>
  </datafield>
  <datafield tag="999" ind1=" " ind2=" ">
    <subfield code="c">217746</subfield>
    <subfield code="d">217746</subfield>
  </datafield>
  <datafield tag="952" ind1=" " ind2=" ">
    <subfield code="0">0</subfield>
    <subfield code="1">0</subfield>
    <subfield code="2">local</subfield>
    <subfield code="4">0</subfield>
    <subfield code="7">0</subfield>
    <subfield code="8">VEE</subfield>
    <subfield code="a">IA_</subfield>
    <subfield code="b">IA_</subfield>
    <subfield code="c">E_L</subfield>
    <subfield code="d">2022-11-09</subfield>
    <subfield code="e">El autor</subfield>
    <subfield code="l">0</subfield>
    <subfield code="o">T.C.863 E86 SAI 2021</subfield>
    <subfield code="p">1206015720</subfield>
    <subfield code="r">2022-11-09 00:00:00</subfield>
    <subfield code="y">VEE</subfield>
  </datafield>
</record>
